000 00491nam a2200205 a 4500
001 nice12345678
003 IN_TiNIC
005 20260116014244.0
008 080421s2000 hyda grd 000 0 eng
020 _a
_c60
082 0 0 _a303.66
_bHEN
245 _aAman Shanti (CD)
260 _aHyderabad
_bHenry Martyn Institute
_c2000
300 _a00p
500 _aincludes index and biblioraphy
710 2 _aHenry Martyn Institute
902 _bSRC
942 _cND
999 _c14536
_d14536